000 00546nam a22001577a 4500
999 _c11837
_d11837
008 190108b ||||| |||| 00| 0 eng d
020 _a971-542-288-8
082 _22001
_aDFil 899.211
_bP53
245 _aThe Child Born Without a Body ( Sagada Igorot)/
_cDamiana Eugenio [Compiler and Editor]
260 _aQuezon City:
_bUP Press
_cc2001.
300 _aPage 191-192;
_c23 cm.
500 _aPhilippine folk literature: The folk tales
650 _aFolklore
_933694
650 _aPhilippine folk literature--Collections
_933695
942 _2ddc
_cDFIL